000
00270nam a2200109Ia 4500
001
1259619
005
20260417140315.0
008
260417s9999 xx 000 0 und d
020
_a
9789752895904
245
0
_a
Annem İçin
_c
Selim İleri
260
_b
Everest Yayınları
999
_c
1259619
_d
1259619